000 01495nam a2200301 a 4500
001 27658
003 BD-RjUL
005 20211209051202.0
008 160824r19691911nyu b 100 0 eng d
035 _a(BD-RjUL)27737
040 _aBD-RjUL
_cCUS
_dBD-RjUL
_beng
041 _aeng
082 0 4 _220
_a378.7
_bCOM 1969
245 1 4 _aThe common school and the Negro American :
_breport of a social study made by Atlanta University under the patronage of the Trustees of the John F. Slater Fund, with the proceedings of the 16th annual Conference for the Study of the Negro Problems, held at Atlanta University, on Tuesday, May 30th, 1911 /
_cedited by W.E. Burghardt Du Bois and Augustus Granville Dill.
260 _aNew York :
_bRussell & Russell,
_c1969.
300 _avarious pages ;
_c22 cm.
490 1 _aThe Atlanta University publications ;
_vno. 16
500 _aReprint of the 1911 ed. published by Atlanta University Press, Atlanta, Ga.
504 _a"A select bibliography of common school education for Negro Americans": p. [9]-12.
650 0 _aAfrican Americans.
_984955
650 0 _aAfrican Americans
_xEducation.
_984956
700 1 _aDu Bois, W. E. B.
_d1868-1963.
_q(William Edward Burghardt),
_984958
700 1 _aDill, Augustus Granville,
_eeditor.
_984959
711 2 _aConference for the Study of the Negro Problems
_n(16th :
_d1911 :
_cAtlanta University)
_984960
830 0 _vno. 16.
_9150771
830 0 _aPublications (Atlanta University) ;
_9150761
942 _2ddc
_cBK
999 _c27658
_d27658